Daňová kontrola z pohľadu účtovných jednotiek diplomová práca

Uložené v:
Podrobná bibliografia
Hlavný autor: Slezáková, Marcela
Korporativný autor: Fakulta hospodárskej informatiky EU. Katedra účtovníctva a audítorstva
Ďalší autori: Solík, Ján
Médium: Kniha
Jazyk:Slovak
Vydavateľské údaje: Bratislava 2012
Tagy: Pridať tag
Žiadne tagy, Buďte prvý, kto otaguje tento záznam!

MARC

LEADER 00000nbm a2200000 4500
001 0154875
005 20161109102150.6
041 0 |a slo 
044 |a SK 
245 1 0 |a Daňová kontrola z pohľadu účtovných jednotiek  |b diplomová práca  |c Marcela Slezáková ; školiteľ: Ján Solík 
264 1 |a Bratislava  |c 2012 
300 |a 100 s. 
100 1 |a Slezáková, Marcela 
700 1 |a Solík, Ján 
710 2 |a Fakulta hospodárskej informatiky EU. Katedra účtovníctva a audítorstva